Nghệ thuật tạo hình Việt Nam hiện đại

Gardado en:
Detalles Bibliográficos
Autor Principal: Nguyễn Quân
Formato: Libro
Idioma:Vietnamese
Publicado: H. Văn hóa 1982
Các nhãn: Engadir etiqueta
Sen Etiquetas, Sexa o primeiro en etiquetar este rexistro!
Thư viện lưu trữ: Mạng thư viện Đại học Đà Nẵng
LEADER 00880nam a2200277 4500
001 000014072
003 10426
005 20120328140307.0
008 120328s1982 viesd
020 |c 0 
041 0 |a vie 
082 |a 730.597  |b NG-Q 
100 0 |a Nguyễn Quân 
245 0 |a Nghệ thuật tạo hình Việt Nam hiện đại  |c Nguyễn Quân 
260 |a H.  |b Văn hóa  |c 1982 
300 |a 194 tr.  |c 19 cm 
OWN |a LSP 
AVA |a UDN50  |b LSP  |d 730.597 NG-Q  |e available  |t Error 5001 Not defined in file expand_doc_bib_avail.  |f 2  |g 0  |h N  |i 0  |k 1 
999 |a From the UDN01 
AVA |a UDN50  |b LSP  |d 730.597 NG-Q  |e available  |t Error 5001 Not defined in file expand_doc_bib_avail.  |f 2  |g 0  |h N  |i 0  |k 1 
TYP |a Monograph 
TYP |a Printed language 
980 |a Mạng thư viện Đại học Đà Nẵng